000 00246pam a2200121 a 4500
020 _c
041 _h
100 _aGurshan S. Singh
245 _aIndias Rural coperatives
260 _bRegency publications.
300 _a675
930 _a2068
999 _c247921
_d247921